mir. Management international review journal of international business

Guardado en:
Detalles Bibliográficos
Formato: Seriadas
Lenguaje:inglés
Publicado: Wiesbaden Gabler 1990
Materias:
Etiquetas: Agregar Etiqueta
Sin Etiquetas, Sea el primero en etiquetar este registro!

MARC

LEADER 00000nas2a2200000 4500
001 s006476
005 20250730114130.7
022 |a 0025-181X 
041 0 |a eng 
044 |a DE 
245 1 0 |a mir. Management international review  |b journal of international business 
264 1 |a Wiesbaden  |b Gabler  |c 1990 
300 |a 1 zv. 
773 0 |w eu_un_cat*s120176 
610 2 0 |a teória riadenia 
610 2 0 |a manažment